Normal view
MARC view
- DAVDAS, PILLAI KRISHNA UNNI S
Entry Personal Name
001 - CONTROL NUMBER
- control field: 89471
003 - CONTROL NUMBER IDENTIFIER
- control field: NUST
005 - DATE AND TIME OF LATEST TRANSACTION
- control field: 20220224095726.0
008 - FIXED-LENGTH DATA ELEMENTS
- fixed length control field: 220224|| aca||aabn | a|a d
040 ## - CATALOGING SOURCE
- Original cataloging agency: NUST
- Transcribing agency: NUST
100 ## - HEADING--PERSONAL NAME
- Personal name: DAVDAS, PILLAI KRISHNA UNNI S
670 ## - SOURCE DATA FOUND
- Source citation: Work cat.: (NUST): DAVDAS, PILLAI KRISHNA UNNI S., REINFORCED CONCRETE DESIGN /, 2009.
